A dictionary of statistical terms
Αποθηκεύτηκε σε:
| Κύριος συγγραφέας: | |
|---|---|
| Συγγραφή απο Οργανισμό/Αρχή: | |
| Άλλοι συγγραφείς: | |
| Μορφή: | Βιβλίο |
| Γλώσσα: | English |
| Δημοσίευση: |
London : New York :
Published for the International Statistical Institute by Longman,
1982
|
| Έκδοση: | 4th ed., rev. and enl |
| Θέματα: | |
| Ετικέτες: |
Προσθήκη ετικέτας
Δεν υπάρχουν, Καταχωρήστε ετικέτα πρώτοι!
|
MARC
| LEADER | 00000cam a2200000 i 4500 | ||
|---|---|---|---|
| 001 | 1/40008 | ||
| 008 | 941103s1982 eng d | ||
| 020 | |a 0582470080 |c Ή12.95 (est.) | ||
| 035 | |l 10041148 | ||
| 040 | |a GR-MY-UA |b gre |e aacr | ||
| 041 | 0 | |a eng | |
| 082 | 0 | |a 519.503 | |
| 100 | 1 | |a Kendall, Maurice George |d 1907- | |
| 245 | 1 | 2 | |a A dictionary of statistical terms / |c prepared for the International Statistical Institute by Sir Maurice G. Kendall & William R. Buckland |
| 250 | |a 4th ed., rev. and enl | ||
| 260 | |a London : |a New York : |b Published for the International Statistical Institute by Longman, |c 1982 | ||
| 300 | |a 213 p.; |c 25 cm | ||
| 650 | 0 | 0 | |a Statistics |x Dictionaries. |
| 700 | 1 | |a Buckland, William R. | |
| 710 | 2 | |a International Statistical Institute. | |
| 852 | |a INST |b SAMOS |e 19941103 |h 519.503 KEN |p 005300018742 |q 005300018742 |t REF |y 23 | ||
| 909 | |a Σ |b 008214 | ||